000 00233nam a2200097Ia 4500
005 20251222114405.0
008 251222s1900||||xx |||||||||||||| ||spa||
082 _aDVD0099/B24
245 0 _aMesopotamia: historia del hombre:
942 _cDVD
999 _c1791
_d1791